000 004730000a22001810004500
020 _a9977-965-05-6
041 0 _aSPA
082 0 4 _aG 360 O879p
100 1 _aOGorman, Frances
245 1 0 _aPrococión humana : Dignificación / Frances O'Gorman
260 _a[S.L] : Visión Mundial Internacional
300 _a127 Pag
001 9719
942 _cBK
999 _c39582
_d39582
336 _atexto
_btxt
_2rdacontent
337 _2rdamedia
_asin mediación
_bn
338 _2rdacarrier
_avolumen
_bnc